<?xml version="1.0" encoding="UTF-8"?>
<record
    xmlns:xsi="http://www.w3.org/2001/XMLSchema-instance"
    xsi:schemaLocation="http://www.loc.gov/MARC21/slim http://www.loc.gov/standards/marcxml/schema/MARC21slim.xsd"
    xmlns="http://www.loc.gov/MARC21/slim">

  <leader>01363nam0a2200361 i 4500</leader>
  <controlfield tag="001">RU\NLR\BIBL_A\011470389</controlfield>
  <controlfield tag="005">20240921161030.0</controlfield>
  <datafield tag="010" ind1=" " ind2=" ">
    <subfield code="a">9785990907805</subfield>
  </datafield>
  <datafield tag="021" ind1=" " ind2=" ">
    <subfield code="a">RU</subfield>
    <subfield code="b">2017-61342</subfield>
    <subfield code="9">4350</subfield>
  </datafield>
  <datafield tag="035" ind1=" " ind2=" ">
    <subfield code="a">(RuMoRGB)009000266</subfield>
  </datafield>
  <datafield tag="035" ind1=" " ind2=" ">
    <subfield code="a">(NLR Aleph) 011470389</subfield>
  </datafield>
  <datafield tag="090" ind1=" " ind2=" ">
    <subfield code="a">11851748</subfield>
    <subfield code="c">11851748</subfield>
  </datafield>
  <datafield tag="100" ind1=" " ind2=" ">
    <subfield code="a">20170912d2016    um y0rusy50      ca</subfield>
  </datafield>
  <datafield tag="101" ind1="0" ind2=" ">
    <subfield code="a">rus</subfield>
    <subfield code="a">fre</subfield>
  </datafield>
  <datafield tag="102" ind1=" " ind2=" ">
    <subfield code="a">RU</subfield>
  </datafield>
  <datafield tag="105" ind1=" " ind2=" ">
    <subfield code="a">c|||z|||000zd</subfield>
  </datafield>
  <datafield tag="200" ind1="1" ind2=" ">
    <subfield code="a">&#x41F;&#x43E;&#x43C;&#x43D;&#x438;, &#x447;&#x442;&#x43E; &#x442;&#x44B; &#x447;&#x435;&#x43B;&#x43E;&#x432;&#x435;&#x43A;</subfield>
    <subfield code="e">[&#x440;&#x430;&#x441;&#x441;&#x43A;&#x430;&#x437;&#x44B; &#x431;&#x435;&#x437;&#x434;&#x43E;&#x43C;&#x43D;&#x44B;&#x445;]</subfield>
    <subfield code="f">&#x441;&#x43E;&#x441;&#x442;&#x430;&#x432;&#x438;&#x442;&#x435;&#x43B;&#x44C;: &#x41C;&#x430;&#x440;&#x438;&#x44F; &#x421;&#x435;&#x434;&#x443;&#x448;&#x43A;&#x438;&#x43D;&#x430;</subfield>
    <subfield code="g">&#x444;&#x43E;&#x442;&#x43E;&#x433;&#x440;&#x430;&#x444;: &#x41E;&#x43B;&#x438;&#x432;&#x44C;&#x435; &#x41C;&#x430;&#x440;&#x43A;&#x435;&#x437;&#x438;</subfield>
    <subfield code="z">fre</subfield>
  </datafield>
  <datafield tag="210" ind1=" " ind2=" ">
    <subfield code="a">Moskva</subfield>
    <subfield code="c">Samusocial</subfield>
    <subfield code="d">2016</subfield>
  </datafield>
  <datafield tag="215" ind1=" " ind2=" ">
    <subfield code="a">165 &#x441;.</subfield>
    <subfield code="c">&#x43F;&#x43E;&#x440;&#x442;&#x440;.</subfield>
    <subfield code="d">21&#x445;21</subfield>
  </datafield>
  <datafield tag="300" ind1=" " ind2=" ">
    <subfield code="a">&#x417;&#x430;&#x433;&#x43B;. &#x442;&#x430;&#x43A;&#x436;&#x435; &#x43D;&#x430; &#x444;&#x440;. &#x44F;&#x437;.: &#xC0; l'abri de la rue</subfield>
  </datafield>
  <datafield tag="300" ind1=" " ind2=" ">
    <subfield code="a">&#x422;&#x435;&#x43A;&#x441;&#x442; &#x43F;&#x430;&#x440;&#x430;&#x43B;. &#x440;&#x443;&#x441;., &#x444;&#x440;.</subfield>
  </datafield>
  <datafield tag="510" ind1="1" ind2=" ">
    <subfield code="a">&#xC0; l'abri de la rue</subfield>
    <subfield code="z">fre</subfield>
  </datafield>
  <datafield tag="606" ind1="1" ind2=" ">
    <subfield code="a">&#x41B;&#x438;&#x446;&#x430; &#x411;&#x41E;&#x41C;&#x416;</subfield>
    <subfield code="j">&#x41F;&#x43E;&#x43F;&#x443;&#x43B;&#x44F;&#x440;&#x43D;&#x44B;&#x435; &#x438;&#x437;&#x434;&#x430;&#x43D;&#x438;&#x44F;</subfield>
    <subfield code="9">2133846</subfield>
    <subfield code="3">RU\NLR\AUTH\661286980</subfield>
  </datafield>
  <datafield tag="686" ind1=" " ind2=" ">
    <subfield code="a">&#x421;556.35,0</subfield>
    <subfield code="2">rubbk</subfield>
  </datafield>
  <datafield tag="686" ind1=" " ind2=" ">
    <subfield code="a">&#x421;556.8,0</subfield>
    <subfield code="2">rubbk</subfield>
  </datafield>
  <datafield tag="686" ind1="1" ind2=" ">
    <subfield code="a">&#x421;550.8&#x44F;9</subfield>
  </datafield>
  <datafield tag="686" ind1="1" ind2=" ">
    <subfield code="a">&#x421;550.47&#x44F;9</subfield>
  </datafield>
  <datafield tag="702" ind1=" " ind2="1">
    <subfield code="a">&#x421;&#x435;&#x434;&#x443;&#x448;&#x43A;&#x438;&#x43D;&#x430;</subfield>
    <subfield code="b">&#x41C;.</subfield>
    <subfield code="g">&#x41C;&#x430;&#x440;&#x438;&#x44F;</subfield>
    <subfield code="4">220</subfield>
  </datafield>
  <datafield tag="702" ind1=" " ind2="1">
    <subfield code="a">Marchesi</subfield>
    <subfield code="b">O.</subfield>
    <subfield code="g">Olivier</subfield>
    <subfield code="4">600</subfield>
  </datafield>
  <datafield tag="942" ind1=" " ind2=" ">
    <subfield code="c">BOOK</subfield>
  </datafield>
  <datafield tag="980" ind1=" " ind2=" ">
    <subfield code="a">NBR</subfield>
  </datafield>
</record>
